Fundamentos de comercio electrónico

Na minha lista:
Detalhes bibliográficos
Autor principal: Velte, Toby J (Author)
Formato: Livro
Idioma:espanhol
Publicado em: Ciudad de México McGraw-Hill 2001
Edição:1a. ed
Assuntos:
Tags: Adicionar Tag
Sem tags, seja o primeiro a adicionar uma tag!

MARC

LEADER 00000nam a2200000 a 4500
001 UCH5750
003 CL-VaPUC
008 091022e20010000MX |||||||||||||||||spa|d
020 |a 9701035399 
082 0 4 |a 343.09944  |b VEL  |2 21 
100 0 |a Velte, Toby J  |e author  |9 542079 
245 1 0 |a Fundamentos de comercio electrónico 
250 |a 1a. ed 
300 |a 486 p 
942 |c BK 
945 |d 20091022 00:00:00  |a rbrito 
260 |a Ciudad de México  |b McGraw-Hill  |c 2001 
650 0 |a Comercio electrónico  |9 428366 
650 0 |a Derecho informático  |9 371884 
650 0 |a Internet   |9 254823 
650 0 |a Gestión de ventas  |9 407932 
650 0 |a Marketing  |9 259324 
583 |a last modification  |c 20091022 00:00:00  |k Rodrigo Vera 
999 |c 336823  |d 336821